Factors of 750 - Statistics

General Stats
  • This quiz has been taken 12 times
  • The average score is 7 of 8
Answer Stats
Hint Answer % Correct
10 and 75
100%
Start from 1 1 and 750
100%
2 and 375
100%
5 and 150
100%
3 and 250
89%
15 and 50
67%
6 and 125
67%
25 and 30
44%
No matching quizzes found
Score Distribution
Percent of People with Each Score
Percentile by Number Answered
Your Score History
You have not taken this quiz